[Event "ROM-ch U10"]
[Site "Calimanesti Caciulata"]
[Date "2019.04.16"]
[Round "2"]
[White "Rotaru, Andrei Victor"]
[Black "Dragos, Filip"]
[Result "0-1"]
[WhiteElo "1001"]
[BlackElo "1132"]
[PlyCount "25"]
[EventDate "2019.04.15"]
[EventType "swiss"]
[EventRounds "9"]
[EventCountry "ROU"]
[SourceTitle "CBM 190 Extra"]
[Source "ChessBase"]
[SourceDate "2019.07.15"]
[SourceVersion "1"]
[SourceVersionDate "2019.07.15"]
[SourceQuality "1"]

1. e4 c5 2. d3 Nc6 3. Nc3 e6 4. Bg5 Qxg5 5. Nf3 Qe7 6. Be2 g6 7. 0-0 Bg7 8. g3 Nf6 9. Nb5 0-0 10. Nc7 Rb8 11. e5 Ng4 12. Nh4 Nh6 13. Bg4 0-1